Champion du TOP 14 depuis 1892 - Statistiques

Statistiques générales
  • Ce quiz a été pris 53 fois
  • Le résultat moyen est 73 sur 124
Statistiques - réponses
Année Vainqueur Score Finaliste % Correct
1912 Stade Toulousain 8-6 Racing Club de France
100%
1922 Stade Toulousain 6-0 Aviron Bayonnais
100%
1923 Stade Toulousain 3-0 Aviron Bayonnais
100%
1924 Stade Toulousain 3-0 US Perpignan
100%
1926 Stade Toulousain 11-0 US Perpignan
100%
1927 Stade Toulousain 19-9 Stade Francais Paris
100%
1947 Stade Toulousain 10-3 SU Agen
100%
1985 Stade Toulousain 36-22 RC Toulon
100%
1986 Stade Toulousain 16-6 SU Agen
100%
1989 Stade Toulousain 18-12 RC Toulon
100%
1994 Stade Toulousain 22-16 AS Montferrand
100%
1995 Stade Toulousain 31-16 Castres Olympique
100%
1996 Stade Toulousain 20-13 CA Brive
100%
1997 Stade Toulousain 12-6 CS Bourgoin-Jallieu
100%
1999 Stade Toulousain 15-11 AS Montferrand
100%
2001 Stade Toulousain 34-22 AS Montferrand
100%
2008 Stade Toulousain 26-20 ASM Clermont
100%
2011 Stade Toulousain 15-10 Montpellier HR
100%
2012 Stade Toulousain 18-12 RC Toulon
100%
2019 Stade Toulousain 24-18 ASM Clermont
100%
2021 Stade Toulousain 18-8 Stade Rochelais
100%
2023 Stade Toulousain 29-26 Stade Rochelais
100%
2024 Stade Toulousain 59-3 Union Bordeaux-Begles
100%
1893 Stade Francais Paris 7-3 Racing Club de France
71%
1894 Stade Francais Paris 18-0 International Athletic Club
71%
1895 Stade Francais Paris 16-0 Olympique
71%
1897 Stade Francais Paris / Olympique
71%
1898 Stade Francais Paris / Racing Club de France
71%
1901 Stade Francais Paris 3-0 Stade Bordelais
71%
1903 Stade Francais Paris 16-8 SOE Toulouse
71%
1908 Stade Francais Paris 16-3 Stade Bordelais
71%
2004 Stade Francais Paris 38-20 USA Perpignan
71%
2007 Stade Francais Paris 23-18 ASM Clermont
71%
2015 Stade Francais Paris 12-6 ASM Clermont
71%
1931 RC Toulon 6-3 Lyon OU
69%
1987 RC Toulon 15-12 Racing Club de France
69%
1992 RC Toulon 19-14 Biarritz Olympique
69%
2014 RC Toulon 18-10 Castres Olympique
69%
1892 Racing Club de France 4-3 Stade francais Paris
64%
1900 Racing Club de France 37-3 Stade Bordelais
64%
1902 Racing Club de France 6-0 Stade Bordelais
64%
1959 Racing Club de France 8-3 Stade Montois
64%
1990 Racing Club de France 22-12 SU Agen
64%
1913 Aviron Bayonnais 31-8 SCUF
60%
1934 Aviron Bayonnais 13-8 Biarritz Olympique
60%
1943 Aviron Bayonnais 3-0 SU Agen
60%
1949 Castres Olympique 14-3 Stade Montois
60%
1950 Castres Olympique 11-8 Racing Club de France
60%
1993 Castres Olympique 14-11 FC Grenoble
60%
2013 Castres Olympique 19-14 RC Toulon
60%
2018 Castres Olympique 29-13 Montpellier HR
60%
2010 ASM Clermont 19-6 USA Perpignan
57%
2017 ASM Clermont 22-16 RC Toulon
57%
1899 Stade Bordelais 5-3 Stade Francais Paris
57%
1904 Stade Bordelais 3-0 Stade Francais Paris
57%
1905 Stade Bordelais 12-3 Stade Francais Paris
57%
1906 Stade Bordelais 9-0 Stade Francais Paris
57%
1907 Stade Bordelais 14-3 Stade Francais Paris
57%
1909 Stade Bordelais 17-0 Stade Toulousain
57%
1911 Stade Bordelais 14-0 SCUF
57%
1930 SU Agen 4-0 US Quillan
57%
1945 SU Agen 7-3 FC Loudes
57%
1962 SU Agen 14-11 AS Beziers
57%
1965 SU Agen 15-8 CA Brive
57%
1966 SU Agen 9-8 US Dax
57%
1976 SU Agen 13-10 AS Beziers
57%
1982 SU Agen 18-9 Aviron Bayonnais
57%
1988 SU Agen 9-3 Stadoceste Tarbais
57%
1938 USA Perpignan 11-6 Biarritz Olympique
57%
1944 USA Perpignan 20-5 Aviron Bayonnais
57%
1955 USA Perpignan 11-6 FC Lourdes
57%
2009 USA Perpignan 22-13 ASM Clermont
57%
1961 AS Beziers 6-3 US Dax
55%
1971 AS Beziers 15-9 RC Toulon
55%
1972 AS Beziers 9-0 CA Brive
55%
1974 AS Beziers 16-14 RC Narbonne
55%
1975 AS Beziers 13-12 CA Brive
55%
1977 AS Beziers 12-4 USA Perpignan
55%
1978 AS Beziers 31-9 AS Montferrand
55%
1980 AS Beziers 10-6 Stade Toulousain
55%
1981 AS Beziers 22-13 Stade Bagnerais
55%
1983 AS Beziers 14-6 RRC Nice
55%
1984 AS Beziers 21-21 SU Agen
55%
1935 Biarritz Olympique 3-0 USA Perpignan
55%
1939 Biarritz Olympique 6-0 USA Perpignan
55%
2002 Biarritz Olympique 25-22 SU Agen
55%
2005 Biarritz Olympique 37-34 Stade Francais Paris
55%
2006 Biarritz Olympique 40-13 Stade Toulousain
55%
2022 Montpellier HR 29-10 Castres Olympique
52%
1954 FC Grenoble 5-3 US Cognac
50%
1936 RC Narbonne 6-3 AS Montferrand
50%
1979 RC Narbonne 10-0 Stade Bagnerais
50%
1920 Stadoceste Tarbais 8-3 Racing Club de France
50%
1973 Stadoceste Tarbais 18-12 US Dax
50%
1896 Olympique 12-0 Stade Francais Paris
48%
1948 FC Lourdes 11-3 RC Toulon
45%
1952 FC Lourdes 20-11 USA Perpignan
45%
1953 FC Lourdes 21-16 Stade Montois
45%
1956 FC Lourdes 20-0 US Dax
45%
1957 FC Lourdes 16-13 Racing Club de France
45%
1958 FC Lourdes 25-8 SC Mazamet
45%
1960 FC Lourdes 14-11 AS Beziers
45%
1968 FC Lourdes 9-9 RC Toulon
45%
1963 Stade Montois 9-6 US Dax
45%
1929 US Quillan 11-8 FC Lezignan
40%
1932 Lyon OU 9-3 RC Narbonne
38%
1933 Lyon OU 10-3 RC Narbonne
38%
1969 CA Begles 11-9 Stade Toulousain
29%
2016 Racing Metro 92 29-21 RC Toulon
24%
1928 Section Paloise 6-4 US Quillan
24%
1946 Section Paloise 11-0 FC Lourdes
24%
1964 Section Paloise 14-0 AS Beziers
24%
1921 US Perpignan 5-0 Stade Toulousain
17%
1925 US Perpignan 5-0 AS Carcassonne
17%
1967 US Montauban 11-3 CA Begles
12%
1970 La Voulte Sportif 3-0 AS Montferrand
7%
1937 CS Vienne 13-7 AS Montferrand
5%
1991 CA Begles-Bordeaux 19-10 Stade Toulousain
2%
1910 FC Lyon 13-8 Stade Bordelais
2%
1998 Stade Francais CASG 34-7 USA Perpignan
2%
2000 Stade Francais CASG 28-23 US Colomiers
2%
2003 Stade Francais CASG 32-18 Stade Toulousain
2%
1914 AS Perpignan 8-7 Stadoceste Tarbais
0%
1951 US Carnaux 14-12 Stadoceste Tarbais
0%
Aucun quiz correspondant
Distribution des résultats
% des personnes avec chaque résultat
Percentile par nombre de réponses
Votre historique - résultats
Vous n’avez pas pris ce quiz